A Simulation Model for Financial Programming.

This paper describes a simulation model that can serve as a basis for a developing country growth-oriented adjustment program. The model has been designed to provide explicit links between fiscal, monetary and exchange rate policies and major macroeconomic variables. While the model is applied to an...

Descrizione completa

Dettagli Bibliografici
Ente Autore: International Monetary Fund
Natura: Periodico
Lingua:English
Pubblicazione: Washington, D.C. : International Monetary Fund, 1989.
Serie:IMF Working Papers; Working Paper ; No. 1989/024
Accesso online:Full text available on IMF
LEADER 01862cas a2200241 a 4500
001 AALejournalIMF007785
008 230101c9999 xx r poo 0 0eng d
020 |c 5.00 USD 
020 |z 9781451920901 
022 |a 1018-5941 
040 |a BD-DhAAL  |c BD-DhAAL 
110 2 |a International Monetary Fund. 
245 1 2 |a A Simulation Model for Financial Programming. 
264 1 |a Washington, D.C. :  |b International Monetary Fund,  |c 1989. 
300 |a 1 online resource (60 pages) 
490 1 |a IMF Working Papers 
500 |a <strong>Off-Campus Access:</strong> No User ID or Password Required 
500 |a <strong>On-Campus Access:</strong> No User ID or Password Required 
506 |a Electronic access restricted to authorized BRAC University faculty, staff and students 
520 3 |a This paper describes a simulation model that can serve as a basis for a developing country growth-oriented adjustment program. The model has been designed to provide explicit links between fiscal, monetary and exchange rate policies and major macroeconomic variables. While the model is applied to and solved for the case of Turkey, its simplicity and flexibility make it sufficiently general to be applicable to a wide range of countries. The model integrates demand-determined output with a supply side that responds to policies which affect investment and it allows the relative shares of domestic and foreign factors of production to be determined by their relative prices. The model is solved using Lotus 1-2-3, software that is familiar to Fund economists and which allows the user to quickly evaluate alternative assumptions and policies. 
538 |a Mode of access: Internet 
830 0 |a IMF Working Papers; Working Paper ;  |v No. 1989/024 
856 4 0 |z Full text available on IMF  |u http://elibrary.imf.org/view/journals/001/1989/024/001.1989.issue-024-en.xml  |z IMF e-Library